000 00439nam a22001457a 4500
005 20150220153732.0
008 150220b xxu||||| |||| 00| 0 eng d
040 _cPK-LaUMT
082 _aKHC 297.82092
_bDUR-B
100 _aدرانی، زیڈ، ایچ
245 _aبلوچستان میں سفیران اہل بیت
_cزیڈ، ایچ درانی
260 _aکوئٹہ
_bعترت پبلیشرز
_c2004
300 _a183 ص
942 _cBK
999 _c66436
_d66436